00370cam a22001337a 4500008004000000020001500040082001900055100002100074245006700095250001200162260002600174300001000200650002600210180718b1992 xxu||||| |||| 00| 0 eng d a8171547540 aB1243x73 Wa120 aWald, Kenneth D. aReligion and politics in the United Statescby Kenneth D. Wald a2nd ed. aBombaybPopularc1992 a380p. aReligion and politics